[Event "Bizkaia ch 1 cat"]
[Site "Zornotza"]
[Date "2006.11.04"]
[Round "3.8"]
[White "Quincoces Bouron, Mikel"]
[Black "Gutierrez Renedo, Manuel"]
[Result "1-0"]
[WhiteElo "658"]
[BlackElo "1886"]
[PlyCount "80"]
[EventDate "2006.10.21"]

1. d4 e6 2. Nf3 f5 3. c4 Nf6 4. Nc3 Bb4 5. a3 Bxc3+ 6. bxc3 O-O 7. Bf4 b6 8.
Qc2 Bb7 9. Nd2 d6 10. f3 Nbd7 11. Bg5 Qe8 12. Bh4 Qg6 13. e3 Qh6 14. Bf2 a5 15.
Bd3 Qg5 16. Ke2 Qh5 17. Nf1 Rad8 18. Ng3 Qf7 19. Rag1 Nh5 20. Be1 g5 21. Bd2 f4
22. Nxh5 Qxh5 23. h4 g4 24. e4 e5 25. Ke1 g3 26. Qb3 Qf7 27. h5 h6 28. Rh4 Nf6
29. Rgh1 Ba6 30. a4 Rb8 31. d5 Bc8 32. Qd1 Bd7 33. Be2 Be8 34. Qc1 Kh8 35. Bxf4
exf4 36. Rxf4 Qg7 37. Rhh4 Bxa4 38. Rfg4 Bd7 39. Qxh6+ Nh7 40. Rg6 Qxh6 {Time}
1-0

[Event "Bizkaia ch 1 cat"]
[Site "Zornotza"]
[Date "2006.11.04"]
[Round "3.9"]
[White "Cosgaya Garcia, Marcelino"]
[Black "Gallastegui Zorrozua, Karmelo"]
[Result "1-0"]
[WhiteElo "683"]
[BlackElo "1915"]
[PlyCount "81"]
[EventDate "2006.10.21"]

1. d4 d5 2. Nf3 Nf6 3. g3 e6 4. Bg2 c5 5. c3 cxd4 6. cxd4 Bb4+ 7. Bd2 Bxd2+ 8.
Nbxd2 Nc6 9. O-O O-O 10. Re1 Qb6 11. e4 Nxd4 12. Nxd4 Qxd4 13. e5 Nd7 14. Nb3
Qxd1 15. Raxd1 a5 16. Nd4 b6 17. Bf1 Nc5 18. a3 Ba6 19. b4 axb4 20. axb4 Nd7
21. Nc6 Bxf1 22. Kxf1 Rfe8 23. Ra1 Kf8 24. f4 Rec8 25. Rxa8 Rxa8 26. Kg2 Rc8
27. b5 Nb8 28. Nxb8 Rxb8 29. Rc1 h6 30. Rc6 Rb7 31. Kf3 Ke7 32. g4 Kd7 33. f5
exf5 34. gxf5 Ke7 35. h4 Rb8 36. Ke3 f6 37. e6 Rd8 38. Kd4 Rd6 39. Rc7+ Kf8 40.
Rf7+ Kg8 41. Rd7 1-0

[Event "Bizkaia ch 1 cat"]
[Site "Zornotza"]
[Date "2006.11.04"]
[Round "3.10"]
[White "Iza Gallastegui, Asier"]
[Black "Mendez Nuñez, Jose Antonio"]
[Result "0-1"]
[WhiteElo "1740"]
[BlackElo "1870"]
[PlyCount "120"]
[EventDate "2006.10.21"]

1. Nf3 c5 2. g3 Nc6 3. Bg2 Nf6 4. O-O e6 5. d3 Be7 6. Nbd2 O-O 7. b3 b5 8. Bb2
Bb7 9. c4 a6 10. Ne5 Qc7 11. Nxc6 Bxc6 12. e4 Qb7 13. Qe2 d6 14. Rfe1 Nd7 15.
Rad1 e5 16. Nb1 b4 17. Nd2 h6 18. f4 exf4 19. gxf4 Bh4 20. Qg4 Bf6 21. e5 dxe5
22. Ne4 Rae8 23. Qf5 Re6 24. fxe5 Bh4 25. Rf1 g6 26. Qg4 Be7 27. Nd6 Bxd6 28.
Bxc6 Qxc6 29. exd6 Qxd6 30. d4 Qe7 31. Rd2 Re4 32. Qf3 Qg5+ 33. Qg2 Qxg2+ 34.
Kxg2 Rfe8 35. d5 Nf6 36. Rfd1 Re2+ 37. Kf3 Rxd2 38. Rxd2 Rd8 39. Re2 Kf8 40.
Bc1 h5 41. Bh6+ Kg8 42. Re7 Nd7 43. h3 f6 44. h4 Ne5+ 45. Ke4 Nf7 46. Be3 Nd6+
47. Kf4 Nf5 48. Re6 Nxh4 49. Rxf6 Ng2+ 50. Kf3 Nxe3 51. Kxe3 Kg7 52. Rc6 Rf8
53. Rxc5 h4 54. Rc7+ Kh6 55. d6 h3 56. d7 h2 57. Rc8 h1=Q 58. Rxf8 Qh3+ 59. Ke4
Qe6+ 60. Kf3 Qxd7 0-1

[Event "Bizkaia ch 1 cat"]
[Site "Zornotza"]
[Date "2006.11.11"]
[Round "4.1"]
[White "Lombraña Fuente, Iñaki"]
[Black "Leniz Marques, Iñaki"]
[Result "1/2-1/2"]
[WhiteElo "2063"]
[BlackElo "907"]
[PlyCount "50"]
[EventDate "2006.10.21"]

1. d4 Nf6 2. c4 c5 3. Nf3 cxd4 4. Nxd4 Nc6 5. g3 Qb6 6. Nf3 Ng4 7. e3 g6 8. Bg2
Bg7 9. Nc3 Bxc3+ 10. bxc3 Nge5 11. Nxe5 Nxe5 12. Qe2 Qc5 13. Bf1 Qc6 14. e4 b5
15. Bh6 bxc4 16. Rd1 Nd3+ 17. Rxd3 cxd3 18. Qxd3 Ba6 19. Qxa6 Qxe4+ 20. Qe2
Qxh1 21. Qe5 Rg8 22. Bg5 e6 23. Qd6 Qe4+ 24. Be2 Qh1+ 25. Bf1 Qe4+ 1/2-1/2

[Event "Bizkaia ch 1 cat"]
[Site "Zornotza"]
[Date "2006.11.11"]
[Round "4.2"]
[White "Lozoya Rodriguez, Alberto"]
[Black "Arrillaga Romero, Oscar"]
[Result "1-0"]
[WhiteElo "2040"]
[BlackElo "1925"]
[PlyCount "50"]
[EventDate "2006.10.21"]

1. d4 f5 2. Bg5 Nf6 3. Bxf6 exf6 4. e3 d5 5. c4 Bb4+ 6. Nc3 c6 7. Qb3 Bxc3+ 8.
bxc3 O-O 9. Bd3 f4 10. exf4 Bg4 11. Qxb7 Nd7 12. h3 Re8+ 13. Kf1 Be6 14. c5 Rb8
15. Qxc6 Qa5 16. Ne2 Rb2 17. g4 Rxe2 18. Bxe2 Qxc3 19. Rd1 Qc2 20. Bf3 f5 21.
g5 Kf7 22. Kg2 Qc4 23. Rhe1 Nb6 24. Rc1 Qxd4 25. cxb6 Qxf4 1-0

[Event "Bizkaia ch 1 cat"]
[Site "Zornotza"]
[Date "2006.11.11"]
[Round "4.4"]
[White "Goiria Montoya, Anton"]
[Black "Serrano Martinez, Antonio"]
[Result "1-0"]
[WhiteElo "1929"]
[BlackElo "1864"]
[PlyCount "98"]
[EventDate "2006.10.21"]

1. c4 c5 2. Nf3 Nf6 3. Nc3 Nc6 4. d4 e6 5. g3 d5 6. cxd5 exd5 7. Bg2 Bg4 8.
dxc5 Bxc5 9. O-O O-O 10. Bg5 Be7 11. Bxf6 Bxf6 12. Nxd5 Qd6 13. Nxf6+ Qxf6 14.
Qb3 Bxf3 15. Qxf3 Qxb2 16. Rab1 Qxa2 17. Rxb7 Nd4 18. Qh5 Nxe2+ 19. Kh1 Rad8
20. Qe5 Rfe8 21. Qc7 a5 22. Ra7 a4 23. Qa5 Rd4 24. Bc6 Red8 25. Ra8 Qd2 26.
Bxa4 Rxa8 27. Qxa8+ Rd8 28. Qb7 Qd5+ 29. Qxd5 Rxd5 30. Rb1 g6 31. Rb7 g5 32.
Kg2 Kg7 33. Bb3 Rf5 34. Bc2 Rf6 35. Rb5 h6 36. Rb4 Re6 37. Bb3 Re7 38. Rc4 f5
39. Bd1 f4 40. f3 Re3 41. Kf2 fxg3+ 42. hxg3 Re7 43. Bxe2 Rf7 44. Rc6 Rb7 45.
Bd3 Rb2+ 46. Ke3 Rh2 47. Be4 Kf7 48. Kd4 Ke7 49. Ke5 h5 1-0

[Event "Bizkaia ch 1 cat"]
[Site "Zornotza"]
[Date "2006.11.11"]
[Round "4.5"]
[White "Valdezate Suarez, Fernando"]
[Black "Cosgaya Garcia, Marcelino"]
[Result "1-0"]
[WhiteElo "2081"]
[BlackElo "683"]
[PlyCount "88"]
[EventDate "2006.10.21"]

1. d4 Nf6 2. Nf3 c6 3. Bf4 d6 4. h3 g6 5. e3 Bg7 6. Be2 O-O 7. c3 Bf5 8. O-O
Nbd7 9. Nbd2 Re8 10. g4 Be4 11. Ng5 d5 12. f3 h6 13. Nxf7 Kxf7 14. fxe4 e5 15.
Bg3 Kg8 16. exd5 exd4 17. exd4 cxd5 18. Bd3 Ne4 19. Nxe4 dxe4 20. Bc4+ Kh7 21.
Bf7 Qg5 22. Qc2 Bf6 23. Bxe8 Rxe8 24. Bf4 Qb5 25. Qd2 g5 26. Be3 Qd3 27. Rad1
Qc4 28. b3 Qc7 29. Kg2 Kg6 30. Qf2 Kg7 31. c4 Qd6 32. Qg3 Qe6 33. Rf5 Be7 34.
d5 Qg6 35. Bd4+ Bf6 36. Qc7 Qf7 37. Bxf6+ Nxf6 38. Qxf7+ Kxf7 39. Rdf1 e3 40.
Rxf6+ Kg7 41. Re6 Rxe6 42. dxe6 e2 43. Re1 Kf6 44. Rxe2 Ke7 1-0

[Event "Bizkaia ch 1 cat"]
[Site "Zornotza"]
[Date "2006.11.11"]
[Round "4.6"]
[White "Torres Novalbos, David"]
[Black "Quincoces Bouron, Mikel"]
[Result "1-0"]
[WhiteElo "1952"]
[BlackElo "658"]
[PlyCount "95"]
[EventDate "2006.10.21"]

1. e4 e5 2. Nf3 Nc6 3. Bb5 a6 4. Ba4 Nf6 5. O-O b5 6. Bb3 h6 7. d4 d6 8. dxe5
dxe5 9. Qxd8+ Nxd8 10. Nxe5 Bc5 11. Nd3 Bb6 12. e5 Nh7 13. Nc3 c6 14. a4 Be6
15. Bxe6 Nxe6 16. axb5 cxb5 17. Nxb5 O-O 18. Nd6 Nd4 19. Be3 Rfb8 20. Nc4 Ba7
21. Rxa6 Nb5 22. Bxa7 Rxa7 23. Rxa7 Nxa7 24. f4 Nc6 25. Ra1 Nf8 26. Ra6 Nd8 27.
f5 Rc8 28. Ne3 Nc6 29. Nd5 Kh7 30. c3 Nd7 31. Nb6 Nxb6 32. Rxb6 Ne7 33. g4 Nd5
34. Rb7 Kg8 35. Kf2 Kf8 36. Kf3 Ne7 37. Nf4 Nc6 38. e6 Ne5+ 39. Ke4 f6 40. Ng6+
Nxg6 41. Rf7+ Kg8 42. fxg6 Rc4+ 43. Kd5 Rxg4 44. e7 Rg5+ 45. Kd6 Rxg6 46. e8=Q+
Kh7 47. Rf8 f5+ 48. Ke5 1-0

[Event "Bizkaia ch 1 cat"]
[Site "Zornotza"]
[Date "2006.11.11"]
[Round "4.7"]
[White "Gutierrez Renedo, Manuel"]
[Black "Arabiotorre Arbulu, Aitor"]
[Result "1-0"]
[WhiteElo "1886"]
[BlackElo "1829"]
[PlyCount "89"]
[EventDate "2006.10.21"]

1. b3 d5 2. Bb2 Bg4 3. g3 e6 4. Bg2 Nf6 5. Nf3 Nbd7 6. O-O Bd6 7. d4 Bxf3 8.
Bxf3 Qe7 9. c4 c6 10. cxd5 exd5 11. Nd2 Ne4 12. e3 O-O 13. Nxe4 dxe4 14. Bg2
Nf6 15. Qe2 Nd5 16. a3 f5 17. b4 a6 18. Rac1 Kh8 19. Bc3 Qg5 20. Bd2 Rae8 21.
Rb1 Re6 22. a4 f4 23. exf4 Bxf4 24. Bxf4 Rxf4 25. Rb3 Rf8 26. b5 cxb5 27. axb5
a5 28. Qa2 b6 29. Qa3 Nb4 30. Re3 Rfe8 31. Qb3 Qxb5 32. f3 Qd5 33. fxe4 Qxd4
34. Qxe6 Qxe3+ 35. Kh1 Rg8 36. e5 Qc5 37. Qf5 g6 38. Qf6+ Rg7 39. Rd1 h6 40. e6
Qe7 41. Qe5 Qc5 42. Qf4 g5 43. Rd8+ Rg8 44. Qf6+ Kh7 45. Be4+ 1-0

[Event "Bizkaia ch 1 cat"]
[Site "Zornotza"]
[Date "2006.11.11"]
[Round "4.8"]
[White "Aboitiz Olabarriaga, Beñat"]
[Black "Arrillaga Romero, David"]
[Result "0-1"]
[WhiteElo "886"]
[BlackElo "1880"]
[PlyCount "78"]
[EventDate "2006.10.21"]

1. e4 c5 2. Nf3 d6 3. d4 cxd4 4. Nxd4 Nf6 5. Nc3 a6 6. Be3 e6 7. g4 Be7 8. g5
Nfd7 9. h4 Nc6 10. Be2 Qa5 11. Qd2 Nxd4 12. Bxd4 e5 13. Be3 Nc5 14. a3 Qd8 15.
O-O-O O-O 16. f4 Qc7 17. f5 Rd8 18. Kb1 Nxe4 19. Nxe4 Bxf5 20. Bd3 Bg4 21. Rdg1
Bf3 22. Rh3 d5 23. Nf2 Bh5 24. Be2 Bg6 25. h5 Bf5 26. Ng4 d4 27. Bf2 Rac8 28.
Bd3 Bxd3 29. Qxd3 Bxg5 30. Bh4 e4 31. Qxe4 Re8 32. Qd3 Bxh4 33. Rxh4 Qf4 34.
Rf1 Qg5 35. Qh3 Qd2 36. Rc1 Rxc2 37. Rxc2 Re1+ 38. Ka2 Qxc2 39. Nh6+ Kf8 0-1

[Event "Bizkaia ch 1 cat"]
[Site "Zornotza"]
[Date "2006.11.11"]
[Round "4.9"]
[White "Mendez Nuñez, Jose Antonio"]
[Black "Regillaga Otaño, Jon"]
[Result "0-1"]
[WhiteElo "1870"]
[BlackElo "1779"]
[PlyCount "86"]
[EventDate "2006.10.21"]

1. e4 e6 2. d4 d5 3. e5 c5 4. c3 Nc6 5. Be3 cxd4 6. cxd4 Qb6 7. Nf3 Qxb2 8.
Nbd2 Qb6 9. Be2 Nge7 10. O-O Nf5 11. Nb3 Be7 12. Bd2 Ncxd4 13. Nfxd4 Nxd4 14.
Ba5 Nxe2+ 15. Qxe2 Qa6 16. Qg4 O-O 17. Bd2 Qd3 18. f4 Qg6 19. Qe2 Bd7 20. Rac1
Rac8 21. Rce1 Rc2 22. Rc1 Rfc8 23. Qf3 Rxc1 24. Bxc1 Qe4 25. Qxe4 dxe4 26. Na5
b6 27. Nb7 Bc6 28. Nd6 Rc7 29. Be3 Bd5 30. Nb5 Rc2 31. Nxa7 Bc5 32. Bxc5 bxc5
33. Rf2 Rxf2 34. Kxf2 Bxa2 35. Nb5 f5 36. exf6 gxf6 37. g4 h6 38. Ke3 Bb1 39.
Nc3 Bd3 40. Na4 c4 41. Nc3 Kg7 42. Nxe4 Bxe4 43. Kxe4 Kg6 0-1

[Event "Bizkaia ch 1 cat"]
[Site "Zornotza"]
[Date "2006.11.11"]
[Round "4.10"]
[White "Prieto Aragon, Isidoro"]
[Black "Iza Gallastegui, Asier"]
[Result "1/2-1/2"]
[WhiteElo "841"]
[BlackElo "1740"]
[PlyCount "106"]
[EventDate "2006.10.21"]

1. Nf3 d5 2. d4 Nf6 3. c3 e6 4. Bg5 Be7 5. Nbd2 O-O 6. e3 c5 7. Bd3 Nc6 8. dxc5
Bxc5 9. Nd4 e5 10. Nxc6 bxc6 11. O-O h6 12. Bh4 Rb8 13. b4 Bb6 14. Nb3 Qd6 15.
a3 Bg4 16. Be2 Bxe2 17. Qxe2 Rfe8 18. c4 Qe6 19. Bxf6 Qxf6 20. cxd5 cxd5 21.
Rfc1 Rbd8 22. a4 a5 23. b5 Re6 24. Nc5 Re7 25. Nd3 Re6 26. Rc2 d4 27. e4 Qg6
28. Rac1 f5 29. f3 Rdd6 30. Rc8+ Kh7 31. exf5 Qxf5 32. Qe4 Kg6 33. R8c6 Qxe4
34. fxe4 Kf6 35. Rxd6 Rxd6 36. Kf2 Ke6 37. Ke2 Ba7 38. Rc7 Rd7 39. Rxd7 Kxd7
40. Kd2 Kd6 41. Kc2 Bb6 42. Kb3 Ba7 43. Kc4 Bb6 44. g3 Ke6 45. h3 Kd6 46. Ne1
Ke6 47. Nf3 Kd6 48. Nh4 Ke6 49. Nf5 Kf6 50. Nd6 Ke6 51. Nc8 Bc7 52. Na7 Bb6 53.
Nc6 Kd6 1/2-1/2

[Event "Bizkaia ch 1 cat"]
[Site "Zornotza"]
[Date "2006.11.18"]
[Round "5.2"]
[White "Lozoya Rodriguez, Alberto"]
[Black "Lombraña Fuente, Iñaki"]
[Result "1-0"]
[WhiteElo "2040"]
[BlackElo "2063"]
[PlyCount "118"]
[EventDate "2006.10.21"]

1. Nf3 e6 2. g3 d5 3. c4 c5 4. cxd5 exd5 5. d4 Nc6 6. Bg2 Nf6 7. O-O Be7 8. Nc3
O-O 9. b3 Bg4 10. dxc5 Bxc5 11. Bb2 Re8 12. Rc1 Bf8 13. h3 Bxf3 14. Bxf3 Qd7
15. Kg2 Rad8 16. Nb5 Ne4 17. Nd4 Nxd4 18. Qxd4 Ng5 19. Bg4 f5 20. Bf3 Nxf3 21.
exf3 b6 22. Rc2 Qe6 23. Rfc1 Rd7 24. b4 Red8 25. a4 Qe7 26. Rc8 Rxc8 27. Rxc8
Rd8 28. Rxd8 Qxd8 29. Qe5 Qd7 30. b5 Bc5 31. Qb8+ Kf7 32. Qh8 Kg6 33. h4 h5 34.
Qb8 Bd6 35. Qa8 Bc5 36. Be5 Kh7 37. Qc6 Qf7 38. a5 d4 39. Bd6 d3 40. Bxc5 bxc5
41. Qd6 Qb3 42. Qd7 c4 43. Qxf5+ Kg8 44. Qd5+ Kh7 45. Qxh5+ Kg8 46. Qd5+ Kh7
47. g4 d2 48. Qxd2 c3 49. Qd3+ Kg8 50. g5 Kf7 51. h5 Ke7 52. b6 axb6 53. axb6
Qb2 54. Qe4+ Kd6 55. b7 Kc7 56. Qd4 Kxb7 57. Qxg7+ Ka6 58. h6 Qb3 59. h7 c2 1-0

[Event "Bizkaia ch 1 cat"]
[Site "Zornotza"]
[Date "2006.11.18"]
[Round "5.3"]
[White "Martinez Pelaez, David"]
[Black "Goiria Montoya, Anton"]
[Result "1-0"]
[WhiteElo "1969"]
[BlackElo "1929"]
[PlyCount "58"]
[EventDate "2006.10.21"]

1. e4 c5 2. Nf3 Nc6 3. Nc3 Nf6 4. d4 cxd4 5. Nxd4 g6 6. Nb3 Bg7 7. Be2 O-O 8.
O-O d6 9. Be3 Bd7 10. f4 Qc8 11. h3 Rd8 12. Bf3 Qc7 13. Qd2 Kf8 14. Nd5 Qc8 15.
c3 Be8 16. Rad1 b6 17. Qf2 h5 18. f5 Ne5 19. fxg6 fxg6 20. Nd4 Nxf3+ 21. Qxf3
Bf7 22. Bg5 Bxd5 23. exd5 Kf7 24. Ne6 Rf8 25. Nxf8 Kxf8 26. Qe3 Qc7 27. Bh6 Re8
28. Bxg7+ Kxg7 29. Qe6 Qc4 1-0

[Event "Bizkaia ch 1 cat"]
[Site "Zornotza"]
[Date "2006.11.18"]
[Round "5.4"]
[White "Arrillaga Romero, Oscar"]
[Black "Sanchez Dolado, Jorge"]
[Result "1-0"]
[WhiteElo "1925"]
[BlackElo "1966"]
[PlyCount "41"]
[EventDate "2006.10.21"]

1. e4 g6 2. d4 Bg7 3. Nc3 c5 4. Nf3 Nc6 5. Be3 cxd4 6. Nxd4 d6 7. Bc4 Nf6 8. f3
Bd7 9. Qd2 O-O 10. O-O-O Qb8 11. h4 b5 12. Bb3 Na5 13. h5 Rc8 14. Bh6 Bh8 15.
Bd5 b4 16. hxg6 hxg6 17. Qg5 e6 18. Nf5 Re8 19. Bf8 Nh5 20. Rxh5 Be5 21. Rdh1
1-0

[Event "Bizkaia ch 1 cat"]
[Site "Zornotza"]
[Date "2006.11.18"]
[Round "5.5"]
[White "Arrillaga Romero, David"]
[Black "Torres Novalbos, David"]
[Result "1-0"]
[WhiteElo "1880"]
[BlackElo "1952"]
[PlyCount "83"]
[EventDate "2006.10.21"]

1. e4 e5 2. Nf3 Nc6 3. Bb5 a6 4. Ba4 Nf6 5. O-O Be7 6. Re1 b5 7. Bb3 O-O 8. h3
d6 9. c3 Bb7 10. d4 Re8 11. Nbd2 Bf8 12. Ng5 Re7 13. d5 Na5 14. Bc2 c6 15. b4
Nc4 16. dxc6 Bxc6 17. Nxc4 bxc4 18. Qe2 Rc8 19. Nf3 h6 20. Ba3 Bb5 21. Rad1 Qc7
22. Bc1 Qc6 23. Nh4 g6 24. Qf3 Bg7 25. a4 Bxa4 26. Bxa4 Qxa4 27. Rxd6 Ne8 28.
Rd5 Nf6 29. Ra5 Qc6 30. Qe2 Nh5 31. Rc5 Qe6 32. Be3 Nf4 33. Qa2 Nd3 34. Rxc8+
Qxc8 35. Ra1 Re6 36. Qa5 Qc6 37. Qd8+ Re8 38. Rxa6 Rxd8 39. Rxc6 Nb2 40. b5 Kf8
41. b6 Ke8 42. b7 1-0

[Event "Bizkaia ch 1 cat"]
[Site "Zornotza"]
[Date "2006.11.18"]
[Round "5.6"]
[White "Quincoces Bouron, Mikel"]
[Black "Serrano Martinez, Antonio"]
[Result "0-1"]
[WhiteElo "658"]
[BlackElo "1864"]
[PlyCount "68"]
[EventDate "2006.10.21"]

1. d4 d5 2. c4 e5 3. dxe5 d4 4. e3 Bb4+ 5. Bd2 dxe3 6. fxe3 Nc6 7. Nf3 Bg4 8.
Be2 Bxf3 9. Bxf3 Bxd2+ 10. Nxd2 Nxe5 11. O-O c6 12. Qc2 Nf6 13. Rad1 O-O 14.
Ne4 Qe7 15. Nxf6+ Qxf6 16. Be2 Qg5 17. Qc3 Ng4 18. Bxg4 Qxg4 19. Rd4 Qe6 20.
Rff4 Rae8 21. Kf2 f5 22. Rf3 b6 23. Rg3 Rf7 24. Ke2 Qf6 25. Kd2 Rfe7 26. Qd3 g6
27. Rd6 Qxb2+ 28. Qc2 Qb4+ 29. Kc1 Qxd6 30. Qxf5 Qa3+ 31. Kb1 Qb4+ 32. Kc2
Qxc4+ 33. Kb2 Qb5+ 34. Qxb5 cxb5 0-1

[Event "Bizkaia ch 1 cat"]
[Site "Zornotza"]
[Date "2006.11.18"]
[Round "5.7"]
[White "Cosgaya Garcia, Marcelino"]
[Black "Gallastegui Arregui, Aitor"]
[Result "0-1"]
[WhiteElo "683"]
[BlackElo "1961"]
[PlyCount "32"]
[EventDate "2006.10.21"]

1. e4 e5 2. Nf3 Nc6 3. Nc3 Nf6 4. d4 exd4 5. Nxd4 Bb4 6. Nxc6 bxc6 7. Bg5 h6 8.
Qd4 Bxc3+ 9. Qxc3 hxg5 10. e5 Nd5 11. Qd4 Rh4 12. Qc5 Re4+ 13. Be2 Qe7 14.
Qxe7+ Kxe7 15. c4 Nf4 16. g3 Nxe2 0-1

[Event "Bizkaia ch 1 cat"]
[Site "Zornotza"]
[Date "2006.11.18"]
[Round "5.8"]
[White "Regillaga Otaño, Jon"]
[Black "Gutierrez Renedo, Manuel"]
[Result "1/2-1/2"]
[WhiteElo "1779"]
[BlackElo "1886"]
[PlyCount "149"]
[EventDate "2006.10.21"]

1. e4 e5 2. Bc4 Nf6 3. d3 Be7 4. Nc3 O-O 5. f4 d6 6. Nf3 Bg4 7. O-O Nc6 8. Be3
Na5 9. Bb3 Nxb3 10. axb3 a6 11. Qe1 exf4 12. Bxf4 Nh5 13. Be3 Qd7 14. Nd5 f5
15. Nxe7+ Qxe7 16. Bg5 Qe8 17. e5 Bxf3 18. Rxf3 Qxe5 19. Qc1 Nf6 20. Bd2 Ng4
21. Rh3 Rae8 22. Bc3 Qe2 23. Rf3 Re3 24. Qf1 Qxf1+ 25. Raxf1 Re2 26. h3 Ne3 27.
R1f2 Rxf2 28. Rxf2 Nd1 29. Re2 Nxc3 30. bxc3 Kf7 31. Kf2 Re8 32. Rd2 Kf6 33. d4
h5 34. Rd3 g5 35. g3 d5 36. Rf3 g4 37. hxg4 hxg4 38. Rd3 Kg5 39. Rd2 f4 40.
gxf4+ Kxf4 41. Kg2 Re3 42. c4 dxc4 43. bxc4 Ke4 44. c5 Rc3 45. Rd1 Kd5 46. Rb1
Kxd4 47. Rxb7 Rxc2+ 48. Kg3 Rxc5 49. Ra7 a5 50. Kxg4 Kd5 51. Kf4 Kc6 52. Ke4
Kb6 53. Ra8 c6 54. Kd4 Rb5 55. Kc4 Rb4+ 56. Kc3 c5 57. Rb8+ Kc6 58. Rc8+ Kb5
59. Rb8+ Ka4 60. Ra8 Rb1 61. Kc2 Rb5 62. Kc3 Ka3 63. Ra7 a4 64. Rc7 Rb3+ 65.
Kc2 Kb4 66. Rb7+ Kc4 67. Rc7 a3 68. Rxc5+ Kb4 69. Rc8 a2 70. Rb8+ Kc4 71. Rc8+
Kd4 72. Rd8+ Kc5 73. Ra8 Rh3 74. Rxa2 Kc4 75. Ra4+ 1/2-1/2

[Event "Bizkaia ch 1 cat"]
[Site "Zornotza"]
[Date "2006.11.18"]
[Round "5.9"]
[White "Arabiotorre Arbulu, Aitor"]
[Black "Prieto Aragon, Isidoro"]
[Result "0-1"]
[WhiteElo "1829"]
[BlackElo "841"]
[PlyCount "116"]
[EventDate "2006.10.21"]

1. d4 d5 2. Nc3 c6 3. f3 Nf6 4. Bg5 h6 5. Bxf6 exf6 6. e4 dxe4 7. fxe4 f5 8.
Nf3 fxe4 9. Nxe4 Be7 10. Qd2 Nd7 11. O-O-O O-O 12. Kb1 Nf6 13. Nxf6+ Bxf6 14.
h3 Be6 15. Bd3 Re8 16. Rhf1 Rc8 17. g4 c5 18. Bb5 c4 19. c3 Bd7 20. Bxd7 Qxd7
21. Rde1 Qd5 22. Rxe8+ Rxe8 23. Qf4 Re2 24. Qb8+ Kh7 25. Qxa7 Qe4+ 26. Ka1 Qxf3
27. Rb1 Qe4 28. a4 Qc6 29. Qa5 b6 30. Qa6 Re8 31. b3 Ra8 32. Qxc4 Qxc4 33. bxc4
Rxa4+ 34. Kb2 Rxc4 35. Kb3 Rc6 36. Re1 Kg6 37. Re3 Kg5 38. d5 Rd6 39. c4 Bd4
40. Re4 Bc5 41. Re5+ Kh4 42. Rh5+ Kg3 43. g5 Kf4 44. Rh4+ Kxg5 45. Rg4+ Kf6 46.
Rf4+ Ke7 47. Kc3 g5 48. Re4+ Kf6 49. Kd3 h5 50. Re2 g4 51. Ke4 Kg5 52. Rb2 f5+
53. Ke5 Rd8 54. Ke6 Rd6+ 55. Ke5 Rd7 56. d6 Rxd6 57. Rb1 f4 58. Ke4 Re6+ 0-1

[Event "Bizkaia ch 1 cat"]
[Site "Zornotza"]
[Date "2006.11.18"]
[Round "5.10"]
[White "Gallastegui Zorrozua, Karmelo"]
[Black "Mendez Nuñez, Jose Antonio"]
[Result "1/2-1/2"]
[WhiteElo "1915"]
[BlackElo "1870"]
[PlyCount "122"]
[EventDate "2006.10.21"]

1. d4 d5 2. c4 c6 3. Nf3 f5 4. cxd5 cxd5 5. Nc3 Nf6 6. Bf4 a6 7. e3 Nc6 8. Rc1
Qa5 9. Bd3 Bd7 10. O-O Nb4 11. Bb1 e6 12. Be5 Be7 13. Bxf6 gxf6 14. Nd2 Bd6 15.
Qh5+ Kf8 16. a3 Nc6 17. Qh6+ Kf7 18. f4 Rag8 19. Rf3 Bf8 20. Qh5+ Ke7 21. Nb3
Qb6 22. Bc2 Be8 23. Qh4 Rg4 24. Qf2 Rhg8 25. Rg3 Rxg3 26. hxg3 Bh5 27. Rb1 Kf7
28. Nd2 Bd6 29. b4 Qc7 30. Bb3 Nxd4 31. Nxd5 exd5 32. Bxd5+ Ne6 33. Qe1 b5 34.
Rc1 Qa7 35. Nb3 Ke7 36. Bxe6 Kxe6 37. Nd4+ Kf7 38. Nxf5 Rd8 39. Nd4 Re8 40. Qd2
Bg4 41. Qa2+ Kg6 42. Qc2+ f5 43. Qc6 Qe7 44. Re1 Kg7 45. Qxa6 h5 46. Qxb5 Qe4
47. Qd7+ Qe7 48. Ne6+ Kf6 49. Qxe7+ Rxe7 50. Nd4 h4 51. gxh4 Bxf4 52. Kf2 Be5
53. Nc6 Rc7 54. Nxe5 Kxe5 55. b5 Rc2+ 56. Kg3 Ra2 57. Rb1 Rxa3 58. b6 Ra8 59.
b7 Rb8 60. Rb5+ Ke4 61. Kf2 Bd1 1/2-1/2

[Event "Bizkaia ch 1 cat"]
[Site "Zornotza"]
[Date "2006.11.18"]
[Round "5.11"]
[White "Iza Gallastegui, Asier"]
[Black "Aboitiz Olabarriaga, Beñat"]
[Result "1-0"]
[WhiteElo "1740"]
[BlackElo "886"]
[PlyCount "80"]
[EventDate "2006.10.21"]

1. Nf3 Nc6 2. c4 e5 3. Nc3 Nf6 4. d3 d5 5. cxd5 Nxd5 6. a3 Bc5 7. e3 O-O 8. Be2
Be6 9. O-O Nxc3 10. bxc3 Qe7 11. Rb1 Rad8 12. Qa4 Bb6 13. c4 Bd7 14. Qc2 Bf5
15. Bb2 e4 16. Qc3 f6 17. Nh4 Bc8 18. dxe4 Qxe4 19. Nf3 Bf5 20. Rbc1 Ba5 21.
Qb3 Kh8 22. Nd4 Nxd4 23. Bxd4 Rxd4 24. Bf3 Qd3 25. Qb5 Rd6 26. Qxa5 Rfd8 27.
Qxa7 Be4 28. c5 Bxf3 29. cxd6 Qg6 30. g3 Qg4 31. dxc7 Rg8 32. c8=Q Rxc8 33.
Rxc8+ Qxc8 34. Qd4 h6 35. Qf4 Qc6 36. h4 Bg2 37. Rd1 Bh3 38. f3 Kg8 39. Qe4 Qb5
40. Rd8+ Kf7 1-0

[Event "Bizkaia ch 1 cat"]
[Site "Zornotza"]
[Date "2006.11.25"]
[Round "6.1"]
[White "Leniz Marques, Iñaki"]
[Black "Lozoya Rodriguez, Alberto"]
[Result "0-1"]
[WhiteElo "907"]
[BlackElo "2040"]
[PlyCount "51"]
[EventDate "2006.10.21"]

1. e4 c5 2. Nf3 Nc6 3. d4 cxd4 4. Nxd4 g6 5. Be3 Bg7 6. Be2 Nf6 7. Nc3 O-O 8.
Qd2 d5 9. exd5 Nxd5 10. Nxd5 Nxd4 11. Bxd4 Qxd5 12. Bxg7 Qxg2 13. O-O-O Kxg7
14. Qd4+ Kg8 15. h4 Bf5 16. h5 Rac8 17. c3 Qe4 18. Qxe4 Bxe4 19. Rh4 Bc6 20.
Bc4 Rfd8 21. Rg1 Bd5 22. Bd3 Bxa2 23. hxg6 Rxd3 24. gxf7+ Kxf7 25. Rxh7+ Ke8
26. Rg8+ 0-1

[Event "Bizkaia ch 1 cat"]
[Site "Zornotza"]
[Date "2006.11.25"]
[Round "6.2"]
[White "Martinez Pelaez, David"]
[Black "Arrillaga Romero, Oscar"]
[Result "0-1"]
[WhiteElo "1969"]
[BlackElo "1925"]
[PlyCount "74"]
[EventDate "2006.10.21"]

1. e4 e5 2. Nf3 Nc6 3. Bc4 Nf6 4. d3 d5 5. exd5 Nxd5 6. O-O Be7 7. Re1 Bg4 8.
h3 Bh5 9. Nbd2 O-O 10. c3 Kh8 11. Ne4 f5 12. Ng3 Bg6 13. Nxe5 Nxe5 14. Rxe5 Nb6
15. Bb3 f4 16. Ne4 c6 17. Qg4 Nd7 18. Rxe7 Qxe7 19. Bxf4 Bxe4 20. dxe4 Qxe4 21.
Qxd7 Qxf4 22. Rf1 Rae8 23. Qxb7 Re1 24. Rxe1 Qxf2+ 25. Kh2 Qxe1 26. Qxc6 Qe5+
27. Kg1 Re8 28. Bc4 Qe3+ 29. Kh2 Qf4+ 30. g3 Qf2+ 31. Qg2 Qc5 32. Bd5 Rf8 33.
Kh1 Rf2 34. b4 Qe3 35. Qg1 Qd2 36. Bc4 Qe3 37. a4 Qe4+ 0-1

[Event "Bizkaia ch 1 cat"]
[Site "Zornotza"]
[Date "2006.11.25"]
[Round "6.3"]
[White "Serrano Martinez, Antonio"]
[Black "Sanchez Dolado, Jorge"]
[Result "1-0"]
[WhiteElo "1864"]
[BlackElo "1966"]
[PlyCount "72"]
[EventDate "2006.10.21"]

1. e4 g6 2. d4 Bg7 3. Nf3 d5 4. exd5 Qxd5 5. Nc3 Qd8 6. Bc4 Nf6 7. Bg5 O-O 8.
O-O c6 9. Re1 Nbd7 10. Bb3 e6 11. Ne4 Qc7 12. c3 a5 13. Qe2 a4 14. Bc2 b5 15.
Ne5 Nxe4 16. Qxe4 Bb7 17. Qf4 Nb6 18. Nxg6 e5 19. Nxe5 f6 20. Ng6 Qxf4 21. Ne7+
Kh8 22. Bxf4 Rf7 23. Re2 Bf8 24. Rae1 Nd5 25. Nxd5 cxd5 26. Re8 Rxe8 27. Rxe8
Kg7 28. g3 a3 29. Bc1 Bc6 30. Re2 axb2 31. Bxb2 Ra7 32. Bb3 Kf7 33. Bc1 Re7 34.
Kf1 Re6 35. Bc2 Rxe2 36. Kxe2 h6 1-0

[Event "Bizkaia ch 1 cat"]
[Site "Zornotza"]
[Date "2006.11.25"]
[Round "6.4"]
[White "Valdezate Suarez, Fernando"]
[Black "Goiria Montoya, Anton"]
[Result "1/2-1/2"]
[WhiteElo "2081"]
[BlackElo "1929"]
[PlyCount "116"]
[EventDate "2006.10.21"]

1. d4 d5 2. Nf3 Nf6 3. Bf4 g6 4. e3 Bg7 5. h3 O-O 6. Be2 c5 7. c3 cxd4 8. exd4
Nc6 9. O-O Bf5 10. Nbd2 Qd7 11. Ne5 Nxe5 12. Bxe5 Rfd8 13. Re1 Ne4 14. Bxg7
Kxg7 15. Bf3 Nf6 16. Qe2 Re8 17. g4 Be6 18. Qe5 Qd6 19. Qxd6 exd6 20. Kh2 h5
21. g5 Nd7 22. Re3 Nb6 23. Rae1 Bd7 24. Rxe8 Rxe8 25. Rxe8 Bxe8 26. Kg3 f5 27.
b3 Bf7 28. a4 Nc8 29. Kf4 Ne7 30. Ke3 Kf8 31. a5 Ke8 32. b4 Kd7 33. Be2 Kc7 34.
Nb3 Bg8 35. Nc1 Bf7 36. Nd3 Bg8 37. Nf4 Bf7 38. Ng2 Bg8 39. Nh4 Bf7 40. Kf4 Kd8
41. Bb5 Be6 42. Be2 Bf7 43. b5 Be8 44. c4 dxc4 45. Bxc4 Nc8 46. Ke3 Ke7 47. Bd5
b6 48. a6 Kf8 49. Bc6 Bf7 50. d5 Ke7 51. Ng2 Kd8 52. Kd4 Ne7 53. Ne3 Kc7 54.
Nc4 Nc8 55. f4 Ne7 56. h4 Nc8 57. Ba8 Ne7 58. Bb7 Be8 1/2-1/2